000 00677nam a2200253Ia 4500
001 16184
003 GE_BSU
008 181216s||||||||xx |||||||||||||| ||und||
020 _a9780199548637
020 _cReferences:p.454-472
040 _cGE_BSU
080 _a341.242/2
100 _aCini,Michelle. Borragan, Peres-Solorzano
245 _aEuropean Union Politics
260 _aOxford
260 _bOxford university Press
260 _c2010
300 _a485p.ill.25cm.
541 _h55Gel.
653 _aEuropean Union Politics
653 _aევროკავშირის პოლიტიკა
653 _aსამართალი
942 _cBK
999 _c49269
_d49269